| 000 | 00461nam a22001697a 4500 | ||
|---|---|---|---|
| 003 | PILC | ||
| 005 | 20150112093444.0 | ||
| 008 | 130227t xxu||||| |||| 00| 0 eng d | ||
| 020 | _a9713003551 | ||
| 050 |
_aKF 156 _b.B856 1992 |
||
| 082 |
_aG 340.14 _bB95 1992 |
||
| 100 |
_aBurton, William C. _921306 |
||
| 245 |
_aLegal Thesaurus / _cWilliam C. Burton. |
||
| 260 |
_aNew York : _b McGraw-Hill, _c1992. |
||
| 300 |
_a1012 pages : _c25 cm. |
||
| 942 |
_2lcc _cBK |
||
| 999 |
_c14841 _d14841 |
||